[Event "4NCL Division 2b"]
[Site "Birmingham, ENG ENG"]
[Date "2016.01.23"]
[Round "3.21"]
[White "Anbukumar, Hajane"]
[Black "Garcia-Ruiz Fuentes, Aitor"]
[Result "0-1"]
[WhiteElo "1902"]
[BlackElo "2007"]
[PlyCount "84"]
[EventDate "2016.01.23"]
[WhiteTeam "KJCA Kings"]
[BlackTeam "Downend & Fishponds"]

1. e4 c5 2. Nf3 d6 3. d4 cxd4 4. Nxd4 Nf6 5. Nc3 a6 6. h3 e6 7. a4 Be7 8. g4 d5
9. exd5 Nxd5 10. Bg2 Nxc3 11. bxc3 Qc7 12. O-O Qxc3 13. Rb1 Qc7 14. Qd3 O-O 15.
Be3 Rd8 16. Qe4 Bd6 17. Rfd1 Qe7 18. c4 Nd7 19. Nb3 Nf6 20. Qf3 Rb8 21. g5 Nd7
22. c5 Bc7 23. Qe4 b6 24. c6 Nf8 25. Rxd8 Qxd8 26. Bf4 Ng6 27. Bxc7 Qxc7 28.
Rd1 e5 29. Bf1 Be6 30. Bc4 Bxc4 31. Qxc4 Nf8 32. h4 Rc8 33. Rc1 a5 34. Nd2 Ne6
35. Ne4 Nd4 36. Qd3 Nxc6 37. Nf6+ gxf6 38. gxf6 Kh8 39. Kh1 Rg8 40. Rg1 Rxg1+
41. Kxg1 Qd8 42. Qf5 Nd4 0-1

[Event "4NCL Division 2b"]
[Site "Birmingham, ENG ENG"]
[Date "2016.01.23"]
[Round "3.22"]
[White "French, Max"]
[Black "Verma, Aditya"]
[Result "1-0"]
[WhiteElo "1907"]
[BlackElo "1811"]
[PlyCount "75"]
[EventDate "2016.01.23"]
[WhiteTeam "Downend & Fishponds"]
[BlackTeam "KJCA Kings"]

1. d4 d5 2. c4 c6 3. Nf3 Nf6 4. Nc3 e6 5. e3 a6 6. cxd5 exd5 7. Bd3 Bd6 8. Bd2
Bg4 9. O-O O-O 10. Re1 Nbd7 11. e4 dxe4 12. Nxe4 Nxe4 13. Bxe4 Nf6 14. Bg5 Re8
15. Qd3 h6 16. Bh4 g5 17. Bg3 Bxg3 18. hxg3 Rxe4 19. Rxe4 Bf5 20. Re8+ Nxe8 21.
Qxf5 Ng7 22. Qc5 Ne6 23. Qb4 Qc7 24. Rc1 Rd8 25. Rc3 a5 26. Qc4 g4 27. d5 Rxd5
28. Qxg4+ Kf8 29. Qh4 h5 30. Qf6 Qd8 31. Qh6+ Ke7 32. Re3 Kd6 33. Re4 Kc7 34.
Ne5 Qg5 35. Nxf7 Qxh6 36. Nxh6 Nc5 37. Re2 b5 38. f4 {time} 1-0

[Event "4NCL Division 2b"]
[Site "Birmingham, ENG ENG"]
[Date "2016.01.23"]
[Round "3.25"]
[White "Farrand, Tom"]
[Black "Dunn, Andrew"]
[Result "1/2-1/2"]
[WhiteElo "2188"]
[BlackElo "2252"]
[PlyCount "33"]
[EventDate "2016.01.23"]
[WhiteTeam "CSC Dragons [1]"]
[BlackTeam "North East England"]

1. e4 c6 2. d4 d5 3. exd5 cxd5 4. Bd3 Nc6 5. c3 Qc7 6. Ne2 Bg4 7. f3 Bd7 8. Bf4
e5 9. dxe5 Nxe5 10. O-O Bd6 11. Nd4 Ne7 12. Na3 a6 13. Nac2 Nxd3 14. Bxd6 Qxd6
15. Qxd3 O-O 16. Kh1 Ng6 17. Rfe1 1/2-1/2

[Event "4NCL Division 2b"]
[Site "Birmingham, ENG ENG"]
[Date "2016.01.23"]
[Round "3.26"]
[White "Tavoularis, Nicholas"]
[Black "Thompson, Ian D"]
[Result "1/2-1/2"]
[WhiteElo "2230"]
[BlackElo "2187"]
[PlyCount "82"]
[EventDate "2016.01.23"]
[WhiteTeam "North East England"]
[BlackTeam "CSC Dragons [1]"]

1. c4 g6 2. g3 c5 3. Bg2 Bg7 4. Nc3 Nc6 5. Nf3 e5 6. d3 Nge7 7. O-O d6 8. a3
O-O 9. Rb1 a5 10. Ne1 Be6 11. Nc2 d5 12. cxd5 Nxd5 13. Ne4 b6 14. Ng5 Bc8 15.
Ne3 Nde7 16. b4 axb4 17. axb4 cxb4 18. Bd2 Rb8 19. Bxb4 Nxb4 20. Rxb4 h6 21.
Ne4 Nc6 22. Rb1 Nd4 23. Nc2 Bg4 24. Nxd4 Qxd4 25. Qd2 f5 26. Rb4 Qd7 27. h3 Bh5
28. Nc3 e4 29. g4 fxg4 30. hxg4 Qxg4 31. Rxe4 Qd7 32. Qa2+ Kh8 33. Qd5 Qc8 34.
Nb5 Rf5 35. Qb3 Qd7 36. Nc3 Rg5 37. f4 Bd4+ 38. e3 Rxg2+ 39. Kxg2 Qg4+ 40. Kh2
Qh4+ 41. Kg2 Qg4+ 1/2-1/2

[Event "4NCL Division 2b"]
[Site "Birmingham, ENG ENG"]
[Date "2016.01.23"]
[Round "3.27"]
[White "Frostick, Clive A"]
[Black "Waters, Clive L"]
[Result "1-0"]
[WhiteElo "2170"]
[BlackElo "2207"]
[PlyCount "125"]
[EventDate "2016.01.23"]
[WhiteTeam "CSC Dragons [1]"]
[BlackTeam "North East England"]

1. e4 e5 2. Nf3 Nc6 3. Bb5 a6 4. Ba4 Nf6 5. O-O Be7 6. Bxc6 dxc6 7. Qe1 Nd7 8.
b3 O-O 9. Bb2 Bd6 10. d3 Re8 11. Nbd2 Nf8 12. Nc4 Ng6 13. Ne3 Qe7 14. Kh1 f6
15. a4 Qf7 16. Nd2 Be6 17. f3 Bb4 18. Qf2 Rad8 19. Rfd1 Nf4 20. a5 Bc5 21. Ndf1
Qh5 22. Qe1 Bd4 23. Bxd4 exd4 24. Nc4 Bh3 25. Rd2 Bc8 26. Rf2 Nd5 27. Qd2 Nc3
28. Ng3 Qh4 29. Raf1 Nb5 30. Ne2 Qh5 31. Qf4 Qc5 32. Ra1 Be6 33. h3 Bxc4 34.
bxc4 Na3 35. Nc1 b5 36. axb6 cxb6 37. Nb3 Qb4 38. Qc1 Nxc4 39. dxc4 Qxc4 40.
Rd2 c5 41. Qf1 Qc3 42. Qxa6 c4 43. Qxb6 d3 44. Qa5 Qb2 45. cxd3 Qxb3 46. dxc4
Rxd2 47. Qxd2 Qxc4 48. Ra7 Qc6 49. h4 Qe6 50. h5 h6 51. Qa2 Qxa2 52. Rxa2 Re5
53. g4 Rb5 54. Kg2 Rb7 55. Kg3 Kf7 56. Ra5 Re7 57. Kf4 Rb7 58. Kf5 Re7 59. Rd5
Rb7 60. f4 Ra7 61. e5 fxe5 62. fxe5 Re7 63. Rd7 1-0

[Event "4NCL Division 2b"]
[Site "Birmingham, ENG ENG"]
[Date "2016.01.23"]
[Round "3.28"]
[White "Dargan, Paul A G"]
[Black "Coates, Kenneth G"]
[Result "1-0"]
[WhiteElo "2140"]
[BlackElo "2165"]
[PlyCount "67"]
[EventDate "2016.01.23"]
[WhiteTeam "North East England"]
[BlackTeam "CSC Dragons [1]"]

1. e4 d5 2. exd5 Qxd5 3. Nc3 Qd6 4. d4 Nf6 5. Nf3 Bg4 6. h3 Bh5 7. g4 Bg6 8.
Ne5 Nbd7 9. Nb5 Qb6 10. Nc4 Qe6+ 11. Qe2 Qxe2+ 12. Bxe2 Nd5 13. Ne3 Nxe3 14.
Bxe3 Kd8 15. c4 c6 16. Nc3 e6 17. O-O Bd6 18. Rad1 Re8 19. Bf3 Rc8 20. a3 f6
21. b4 a6 22. Ne4 Bc7 23. Rfe1 Ke7 24. d5 Ne5 25. Bg2 Nxc4 26. Bc5+ Kf7 27. d6
b6 28. d7 bxc5 29. Nxc5 Nxa3 30. dxe8=Q+ Rxe8 31. Bxc6 Re7 32. Nxe6 Nc2 33. Bd5
Nxb4 34. Nxc7+ 1-0

[Event "4NCL Division 2b"]
[Site "Birmingham, ENG ENG"]
[Date "2016.01.23"]
[Round "3.29"]
[White "Fegan, Chris"]
[Black "Henderson, David"]
[Result "0-1"]
[WhiteElo "2095"]
[BlackElo "2155"]
[PlyCount "58"]
[EventDate "2016.01.23"]
[WhiteTeam "CSC Dragons [1]"]
[BlackTeam "North East England"]

1. Nf3 d5 2. d4 Nf6 3. e3 c5 4. b3 cxd4 5. exd4 Nc6 6. Bd3 Bg4 7. Bb2 e6 8. O-O
Bd6 9. Nbd2 O-O 10. a3 Qc7 11. h3 Bh5 12. c4 e5 13. g4 e4 14. cxd5 exd3 15.
dxc6 Bg6 16. cxb7 Rae8 17. Nc4 Re2 18. Bc3 Nd5 19. Ba5 Qe7 20. Nxd6 Qxd6 21.
Ne5 Nf4 22. Bb4 Qd5 23. f3 Qxd4+ 24. Kh1 Qb2 25. Qxe2 Qxe2 26. Rg1 Qxe5 27.
Bxf8 Be4 28. Rgf1 Bxb7 29. Bb4 Qe2 0-1

[Event "4NCL Division 2b"]
[Site "Birmingham, ENG ENG"]
[Date "2016.01.23"]
[Round "3.30"]
[White "Coathup, Roger H"]
[Black "Richardson, Keith B"]
[Result "1-0"]
[WhiteElo "2185"]
[BlackElo "2047"]
[PlyCount "87"]
[EventDate "2016.01.23"]
[WhiteTeam "North East England"]
[BlackTeam "CSC Dragons [1]"]

1. d4 g6 2. e4 Bg7 3. Nc3 d6 4. f4 Nc6 5. Be3 Nf6 6. Nf3 O-O 7. Be2 a6 8. d5
Nb8 9. O-O b5 10. a3 Bb7 11. Nd4 c5 12. dxc6 Nxc6 13. Nxc6 Bxc6 14. Bf3 Qc7 15.
Qd2 Rac8 16. Rae1 a5 17. e5 b4 18. axb4 axb4 19. Na2 dxe5 20. Bxc6 exf4 21.
Rxf4 Qxc6 22. Nxb4 Qb5 23. c3 e5 24. Rff1 Ng4 25. Qd5 Qxd5 26. Nxd5 Nxe3 27.
Rxe3 Rfe8 28. b4 f5 29. g4 fxg4 30. Re4 h5 31. c4 Rb8 32. b5 Rf8 33. Ne7+ Kh7
34. Rxf8 Rxf8 35. b6 Rb8 36. c5 Bf8 37. Rxe5 Rb7 38. Nc8 Bg7 39. Rd5 Bh6 40. c6
Be3+ 41. Kf1 Rf7+ 42. Ke2 Bf4 43. Rd7 Kg7 44. Nd6 1-0

[Event "4NCL Division 2b"]
[Site "Birmingham, ENG ENG"]
[Date "2016.01.23"]
[Round "3.31"]
[White "Head, Louise"]
[Black "Moreby, James"]
[Result "1/2-1/2"]
[WhiteElo "1931"]
[BlackElo "2030"]
[PlyCount "127"]
[EventDate "2016.01.23"]
[WhiteTeam "CSC Dragons [1]"]
[BlackTeam "North East England"]

1. d4 Nf6 2. c4 e6 3. Nf3 c5 4. d5 b5 5. Bg5 exd5 6. cxd5 h6 7. Bh4 d6 8. e4 a6
9. Bd3 Be7 10. O-O O-O 11. Bg3 Bg4 12. Nbd2 Nbd7 13. h3 Bh5 14. b3 Qc7 15. Qc2
Rfc8 16. Rac1 Ra7 17. Rfe1 {(=)} Ne5 18. Nxe5 dxe5 19. Be2 Bg6 20. Bg4 Re8 21.
Qc3 Bd6 22. Qf3 Qa5 23. Qc3 Qb6 24. Qf3 a5 25. Bf5 a4 26. Bxg6 fxg6 27. Qc3 Nd7
28. Rb1 Rb8 29. Kh1 axb3 30. axb3 Ra2 31. Nf3 Qc7 32. Ra1 Rba8 33. Rxa2 Rxa2
34. Ra1 b4 35. Qc1 Qa5 36. Rb1 Qa6 37. Nd2 Nb6 38. Qf1 Qxf1+ 39. Nxf1 c4 40.
bxc4 Nxc4 41. Kh2 Na5 42. f3 Nc4 43. Be1 Ra6 44. Rc1 Nb2 45. Bd2 Nd3 46. Rb1
Ra3 47. Ne3 Ra2 48. Nc4 Rc2 49. Nxd6 Rxd2 50. Nc4 Rc2 51. Nb6 Rc1 52. d6 Kf7
53. Rb3 Rc3 54. d7 Ke7 55. Nd5+ Kxd7 56. Nxc3 bxc3 57. Rxc3 Nf4 58. Ra3 Ke7 59.
g3 Ne6 60. Ra5 Kf6 61. Ra6 g5 62. Kg2 g6 63. Kf2 h5 64. Ke3 1/2-1/2

[Event "4NCL Division 2b"]
[Site "Birmingham, ENG ENG"]
[Date "2016.01.23"]
[Round "3.32"]
[White "Malola, Prasath.T.S"]
[Black "Kane, Robert"]
[Result "1-0"]
[WhiteElo "2095"]
[BlackElo "1890"]
[PlyCount "117"]
[EventDate "2016.01.23"]
[WhiteTeam "North East England"]
[BlackTeam "CSC Dragons [1]"]

1. e4 g6 2. Nf3 Bg7 3. Bc4 e6 4. Nc3 a6 5. d4 d6 6. Bf4 b5 7. Bd3 Ne7 8. a4
bxa4 9. Rxa4 Nd7 10. O-O h6 11. Qa1 g5 12. Be3 g4 13. Nd2 Nb6 14. Ra3 Nc6 15.
Nb3 Nb4 16. Na5 O-O 17. Qd1 Nxd3 18. Qxd3 f5 19. d5 e5 20. f4 fxe4 21. Nxe4
exf4 22. Nc6 Qe8 23. Bd4 Be5 24. Rc3 Bf5 25. Nxe5 Nxd5 26. Nxg4 Qxe4 27. Nxh6+
Kh7 28. Nxf5 Qxf5 29. Qh3+ Qxh3 30. Rxh3+ Kg6 31. Rhf3 c5 32. Bf2 Rfe8 33. Rd1
Re5 34. c4 Nb4 35. Rxd6+ Kg5 36. g3 fxg3 37. hxg3 Rf5 38. Rxf5+ Kxf5 39. Bxc5
Rb8 40. Kf2 a5 41. Kf3 Ke5 42. Rd7 Rc8 43. Bxb4 axb4 44. Rd5+ Ke6 45. b3 Rf8+
46. Kg2 Ra8 47. Rb5 Ra2+ 48. Kf3 Rc2 49. Rxb4 Kf6 50. Rb5 Rc3+ 51. Kf4 Rc1 52.
Rb6+ Kf7 53. Kg5 Rc3 54. g4 Rc1 55. Rf6+ Kg7 56. Rc6 Rb1 57. Rc7+ Kf8 58. Rb7
Rb2 59. c5 1-0